000 00388nam a2200109Ia 4500
008 221009s9999 xx 000 0 und d
082 _a823/AMI
100 _aत्रिपाठी, अमीश
_967747
245 0 _aशिव रचना त्रय 3 वायुपुत्रों की शपथ
260 _bवैस्‍टलैंड लिमिटेड
942 _cBK
999 _c64751
_d64751